Statistics for Space Multiple Choice

Click here to take the quiz!

General Stats

  • This quiz has been taken 120 times
    (113 since last reset)
  • The average score is 7 of 15

Answer Stats

QuestionAnswer% Correct
What is the sun?A star
90%
What is the name of the North Star?Polaris
78%
Who was the first person in space?Yuri Gagarin
73%
Which planet, unlike all others, rotates clockwise?Venus
65%
Which of these is densest?Black Hole/Planck particle
59%
Which constellation has "siamese twins"?Gemini
56%
Which "arm" of the galaxy are we in?Orion
47%
How many people have been on the Moon?12
46%
Which of these is NOT a Dwarf Planet?Charon
44%
What is the name of the biggest star in the known universe?UY Scuti
42%
What is the biggest moon in the solar system proportionally to its planet?Our Moon
31%
About how old is the Universe? (in billions)13
30%
What was the first satellite around the Earth in space?The Moon
29%
Which direction does the Sun rotate?Counterclockwise
27%
What supercluster is the Milky Way in?Virgo
18%

Score Distribution

Percentile by Number Answered

Percent of People with Each Score

Your Score History

You have not taken this quiz since the last reset